The Trollopian : a journal of Victorian fiction.

Bibliographic Details
New Title:Nineteenth-century fiction
Format: Journal
Language:English
Published: Berkeley : University of California Press, [1946-1949?]
Subjects:
Online Availability: Check for online availability

MARC

Tag First Indicator Second Indicator Subfields
LEADER 00000cas a2200000 a 4500
001 in00002711721
005 20210205155558.0
008 760620d19451949cauqr p o 0 a0eng c
010 |a sn 90040065  
019 |a 5044862 
022 0 |a 1526-4211  |l 1526-4211  |2 1 
029 1 |a NLGGC  |b 832918474 
029 1 |a NLGGC  |b 205062733 
029 1 |a NZ1  |b 4773129 
029 1 |a AU@  |b 000007597899 
035 |a (OCoLC)ocm02268728 
035 |a (OCoLC)2268728  |z (OCoLC)5044862 
040 |a PIT  |c PIT  |d PIT  |d OCL  |d IUL  |d NST  |d NSD  |d DLC  |d CUS  |d HUL  |d DLC  |d NLGGC  |d LVB  |d OCLCQ  |d TXA  |d UtOrBLW 
042 |a pcc  |a nsdp 
043 |a e-uk--- 
049 |a TXAM 
050 0 0 |a PR873  |b .T76 
082 1 0 |a 823  |2 13 
210 0 |a Trollopian  |b (Berkeley Calif.) 
222 4 |a The Trollopian  |b (Berkeley, Calif.) 
245 0 4 |a The Trollopian :  |b a journal of Victorian fiction. 
264 1 |a Berkeley :  |b University of California Press,  |c [1946-1949?] 
264 4 |c ©1946-1949 
300 |a 3 volumes ;  |c 24 cm. 
310 |a Quarterly,  |b Mar. 1947-Mar. 1949 
321 |a Semiannual,  |b summer 1945-Sept. 1946 
336 |a text  |b txt  |2 rdacontent 
337 |a unmediated  |b n  |2 rdamedia 
338 |a volume  |b nc  |2 rdacarrier 
362 0 |a Vol. 1, no. 1 (summer 1945)-v. 3, no. 4 (Mar. 1949). 
500 |a Title from cover. 
650 0 |a English fiction  |y 19th century  |x History and criticism  |v Periodicals. 
600 1 0 |a Trollope, Anthony,  |d 1815-1882  |v Periodicals. 
650 1 7 |a Letterkunde.  |2 gtt 
650 1 7 |a Engels.  |2 gtt 
650 6 |a Roman anglais  |y 19e siècle  |x Histoire et critique  |v Périodiques. 
785 0 0 |t Nineteenth-century fiction  |x 0029-0564  |w (DLC) 49053317  |w (OCoLC)3902905 
787 0 8 |i Online version of 1963 AMS reprint edition  |t Trollopian (Online)  |w (DLC)sn 99023437  |w (OCoLC)42646509 
850 |a ArU  |a AzU  |a CoU  |a DLC  |a DeU  |a MChB  |a MMeT  |a MnU  |a NBuU  |a NSyU  |a NhU  |a OU  |a OkU  |a P  |a ViW 
936 |a AACR2=TXA 
948 |a cataloged  |b h  |c 2011/8/12  |d c  |e vilik  |f 9:40:49 am 
994 |a C0  |b TXA 
999 |a MARS 
999 f f |s adb52bb1-6016-3880-b68b-85446c783812  |i fc39f538-9209-30a7-b5ba-3a6248ac0d4b  |t 0 
952 f f |p ric  |a Texas A&M University  |b Rellis Campus  |c Joint Library Facility  |d Remote Storage  |t 0  |e PR873 .T76  |h Library of Congress classification  |i unmediated -- volume  |k v.3  |l 1948/1949  |m A14841207113 
952 f f |p ric  |a Texas A&M University  |b Rellis Campus  |c Joint Library Facility  |d Remote Storage  |t 0  |e PR873 .T76  |h Library of Congress classification  |i unmediated -- volume  |k v.1-2  |l 1945/1948  |m A14841207105 
998 f f |a PR873 .T76  |s v.1-3 (1945-1949)  |t 0  |l Remote Storage